000 00398 a2200157 4500
005 20250627055259.0
020 _a0-07-845448-4
082 _a001.64 NOR.
100 _aNORTON'S, P.
245 _aComputing Fundamentals,
250 _a5th Ed.
260 _aNew York,
_bMc Graw Hill Irwin,
_c2003.
300 _axxvi.; 502p.; Ill.; picture,
_bIndex,
_c28cm.
700 _aKELLY, P.
942 _2ddc
_cBKS
999 _c5494
_d5494